| 000 | 00946cam a2200313 i 4500 | ||
|---|---|---|---|
| 001 | 200449750 | ||
| 999 |
_c200449750 _d67962 |
||
| 003 | TR-AnTOB | ||
| 005 | 20251226090215.0 | ||
| 007 | ta | ||
| 008 | 210204s2020 tu 000 0 tur d | ||
| 020 | _a9786257773621 | ||
| 040 |
_aIUcIU _beng _erda _cTR-AnTOB |
||
| 041 | 0 | _atur | |
| 050 | 1 | 4 |
_aKKX1771 _b.H38 2020 |
| 090 |
_aKKX1771 _b.H38 2020 |
||
| 100 | 1 |
_aHatipoğlu, Tahsin _eauthor _9138953 |
|
| 245 | 1 | 0 |
_aMedeni yargılama hukukunda delil sözleşmeleri / _cTahsin Hatipoğlu. |
| 250 | _a1. bsm. | ||
| 264 | 1 |
_aİstanbul : _bOn İki Levha, _c2020. |
|
| 300 |
_aXVI, 183 pages ; _c24 cm |
||
| 336 |
_atext _btxt _2rdacontent |
||
| 337 |
_aunmediated _bn _2rdamedia |
||
| 338 |
_avolume _bnc _2rdacarrier |
||
| 490 | 1 |
_aOn İki Levha Yayınları ; _v1509. |
|
| 650 | 0 | 7 |
_aDelil (Hukuk) _zTürkiye _2etuturkob _9120636 |
| 830 | 0 |
_aOn İki Levha Yayınları ; _v1509. |
|
| 942 |
_2lcc _cBK |
||